000 00642nam a22002172 4500
001 0000013073
005 20151217152121.0
008 090526s xx 000 0 eng d
020 _a8131717912 :
040 _aKABU
_cKABU
100 1 _aPalais, Joseph C.
_@0000170184
245 1 0 _aFiber optic communications /
_cJoseph C. Palais.
250 _a5th ed.
260 _aNew Delhi :
_bPearson Education,
_c2005.
300 _axiii, 441 p.
650 0 _aOptical communication.
_@0000157603
650 0 _aFiber optics.
_@0000157604
852 1 _9p3850 KES
908 _a090526
950 _@1
999 _c8435
_d8435